[Event "Sabaneta op-A 1st"]
[Site "Sabaneta"]
[Date "2022.11.28"]
[Round "5"]
[White "Zabala, Fidel"]
[Black "Giraldo, Emanuel"]
[Result "1-0"]
[WhiteElo "1920"]
[BlackElo "1766"]
[PlyCount "65"]
[EventDate "2022.11.25"]
[EventType "swiss"]
[EventRounds "10"]
[EventCountry "COL"]
[SourceTitle "CBM 211 Extra"]
[Source "ChessBase"]
[SourceDate "2023.01.31"]
[SourceVersion "1"]
[SourceVersionDate "2023.01.31"]
[SourceQuality "1"]

1. e4 d6 2. g3 e5 3. Bg2 g6 4. Ne2 Bg7 5. 0-0 Ne7 6. c3 0-0 7. d4 c6 8. Nd2 Be6 9. b3 d5 10. dxe5 Bxe5 11. f4 Bg7 12. Ba3 Re8 13. Kh1 Bg4 14. h3 Bxe2 15. Qxe2 Bxc3 16. Rad1 Qa5 17. Nb1 Bf6 18. exd5 Na6 19. Rfe1 Nb4 20. d6 Ned5 21. Qxe8+ Rxe8 22. Rxe8+ Kg7 23. d7 Bd8 24. g4 h6 25. Bb2+ f6 26. a3 Nc2 27. g5 hxg5 28. fxg5 Kf7 29. b4 Qc7 30. Rxd5 cxd5 31. Bxd5+ Kg7 32. Rxd8 Nd4 33. Rg8+ 1-0

[Event "Medellin Feria de las Flores op"]
[Site "Medellin"]
[Date "2022.08.04"]
[Round "3"]
[White "Zabala, Fidel"]
[Black "Rueda Rojas, Richard Alejandro"]
[Result "0-1"]
[WhiteElo "1908"]
[BlackElo "1616"]
[PlyCount "42"]
[EventDate "2022.08.03"]
[EventType "swiss"]
[EventRounds "9"]
[EventCountry "COL"]
[SourceTitle "CBM 209 Extra"]
[Source "ChessBase"]
[SourceDate "2022.09.30"]
[SourceVersion "1"]
[SourceVersionDate "2022.09.30"]
[SourceQuality "1"]

1. e4 d6 2. d4 Nf6 3. Nc3 g6 4. Bg5 Bg7 5. Qd2 c6 6. h3 Nbd7 7. Nf3 Qa5 8. Bd3 0-0 9. 0-0 e5 10. Bh6 exd4 11. Bxg7 Kxg7 12. Nxd4 Re8 13. Rae1 Qb6 14. Bc4 Nc5 15. Qf4 Be6 16. Nxe6+ Nxe6 17. Qc1 Rad8 18. Kh2 Qd4 19. Bd3 Nc5 20. Re3 Ncxe4 21. Ne2 Qc5 0-1

[Event "Medellin Aristizabal Cup"]
[Site "Medellin"]
[Date "2022.07.10"]
[Round "4"]
[White "Giraldo, Emanuel"]
[Black "Zabala, Fidel"]
[Result "1-0"]
[WhiteElo "1650"]
[BlackElo "1930"]
[PlyCount "83"]
[EventDate "2022.07.08"]
[EventType "swiss"]
[EventRounds "7"]
[EventCountry "COL"]
[SourceTitle "CBM 209 Extra"]
[Source "ChessBase"]
[SourceDate "2022.09.30"]
[SourceVersion "1"]
[SourceVersionDate "2022.09.30"]
[SourceQuality "1"]

1. e4 d5 2. exd5 Nf6 3. Be2 Nxd5 4. d4 g6 5. c4 Nf6 6. Nc3 Bg7 7. Be3 0-0 8. h3 Nc6 9. Nf3 e6 10. 0-0 Ne7 11. Ne5 Nf5 12. Qd2 Nxe3 13. Qxe3 Ne8 14. Rad1 Nd6 15. g4 f6 16. Nf3 c6 17. c5 Nf7 18. Bc4 Re8 19. Rfe1 Bd7 20. Ne2 Bh6 21. Qb3 b5 22. cxb6 axb6 23. Ng3 Qc8 24. Qxb6 Rb8 25. Qa5 Bf8 26. Re2 Bb4 27. Qa4 c5 28. Qc2 cxd4 29. Nxd4 Ne5 30. Bb3 Bc5 31. Re3 Rb4 32. Rc3 Rxd4 33. Rxd4 Nf3+ 34. Rxf3 Bxd4 35. Rd3 Qxc2 36. Bxc2 e5 37. Ne4 Kg7 38. Rb3 Bc6 39. Rb4 Rd8 40. Rc4 Bd5 41. Rc7+ Bf7 42. Bb3 1-0

[Event "Medellin Aristizabal Cup"]
[Site "Medellin"]
[Date "2022.07.08"]
[Round "1"]
[White "Zabala, Fidel"]
[Black "Narvaez Berrio, Alexander"]
[Result "1-0"]
[WhiteElo "1930"]
[BlackElo "1352"]
[PlyCount "47"]
[EventDate "2022.07.08"]
[EventType "swiss"]
[EventRounds "7"]
[EventCountry "COL"]
[SourceTitle "CBM 209 Extra"]
[Source "ChessBase"]
[SourceDate "2022.09.30"]
[SourceVersion "1"]
[SourceVersionDate "2022.09.30"]
[SourceQuality "1"]

1. e4 c6 2. d4 d5 3. Nc3 dxe4 4. Nxe4 Bf5 5. Ng3 Bg6 6. h4 h6 7. Nf3 Nd7 8. Bc4 Ngf6 9. h5 Bh7 10. c3 e6 11. Qe2 Nd5 12. Bb3 Bd6 13. Ne4 Bxe4 14. Qxe4 Qe7 15. Bd2 0-0-0 16. 0-0-0 Rhe8 17. Kb1 N7f6 18. Qh4 Qc7 19. c4 Be7 20. cxd5 Nxd5 21. Qe4 Qb6 22. Ne5 f5 23. Qe1 Bf6 24. Ba5 1-0

[Event "Medellin Easter op 10th"]
[Site "Medellin"]
[Date "2022.04.15"]
[Round "5"]
[White "Zabala, Fidel"]
[Black "Molina Ballesteros, Juan Sebastian"]
[Result "1-0"]
[WhiteElo "1925"]
[BlackElo "1649"]
[PlyCount "89"]
[EventDate "2022.04.13"]
[EventType "swiss"]
[EventRounds "8"]
[EventCountry "COL"]
[SourceTitle "CBM 207 Extra"]
[Source "ChessBase"]
[SourceDate "2022.05.31"]
[SourceVersion "1"]
[SourceVersionDate "2022.05.31"]
[SourceQuality "1"]

1. e4 c5 2. Nf3 d6 3. d4 cxd4 4. Nxd4 Nf6 5. Nc3 a6 6. f3 e5 7. Nb3 Be6 8. Be3 Be7 9. Qd2 Nbd7 10. Qf2 b5 11. 0-0-0 Rc8 12. Nd5 Nxd5 13. exd5 Bf5 14. Bd3 Bxd3 15. Rxd3 a5 16. Qd2 b4 17. Kb1 Bf6 18. g4 e4 19. fxe4 Ne5 20. g5 Be7 21. h4 f6 22. Nd4 Nxd3 23. Ne6 Qd7 24. cxd3 Rg8 25. Bd4 Qa4 26. b3 Qb5 27. Qe2 a4 28. Rg1 Kd7 29. Qg4 Qxd3+ 30. Ka1 Ke8 31. Nxg7+ Rxg7 32. Qxc8+ Kf7 33. Qe6+ Kf8 34. Bxf6 Bxf6+ 35. Qxf6+ Rf7 36. Qxd6+ Kg8 37. Qxb4 axb3 38. Rc1 bxa2 39. Rc8+ Kg7 40. Qc3+ Qxc3+ 41. Rxc3 Rf4 42. Re3 Rxh4 43. Kxa2 Rg4 44. Kb3 Rxg5 45. Kc4 1-0

[Event "Medellin Raza op"]
[Site "Medellin"]
[Date "2021.10.10"]
[Round "8"]
[White "Zabala, Fidel"]
[Black "Pazos Gambarrotti, Plinio Efrain"]
[Result "0-1"]
[WhiteElo "1929"]
[BlackElo "2063"]
[PlyCount "122"]
[EventDate "2021.10.06"]
[EventType "swiss"]
[EventRounds "9"]
[EventCountry "COL"]
[SourceTitle "EXT 2023"]
[Source "ChessBase"]
[SourceDate "2022.10.05"]
[SourceVersion "1"]
[SourceVersionDate "2022.10.05"]
[SourceQuality "1"]

1. e4 e5 2. Nf3 Nc6 3. Bb5 f5 4. d3 fxe4 5. dxe4 Nf6 6. Bg5 d6 7. Nc3 Be7 8. a3 0-0 9. Bc4+ Kh8 10. Qd2 Bg4 11. Nh4 Nd4 12. f3 Be6 13. Bxe6 Nxe6 14. Nf5 Nxe4 15. Bxe7 Nxd2 16. Bxd8 Raxd8 17. Ne3 Nxf3+ 18. gxf3 Rxf3 19. Nf1 c6 20. 0-0-0 d5 21. Ng3 Rdf8 22. Rhe1 e4 23. Ncxe4 dxe4 24. Rxe4 R3f6 25. b4 a5 26. Rd7 axb4 27. axb4 Rb8 28. Re7 Nf8 29. Nh5 Rf1+ 30. Kb2 g6 31. Ng3 Rf2 32. h4 Kg8 33. R4e5 Rf7 34. Ne4 Rd8 35. Ng5 Rxe7 36. Rxe7 Rd4 37. Rxb7 Rxh4 38. Kb3 h6 39. Nf7 g5 40. Ne5 g4 41. Nxc6 g3 42. Ne7+ Kh8 43. Nf5 Rf4 44. Rg7 Rxf5 45. Rxg3 Rg5 46. Rh3 h5 47. c4 Ng6 48. b5 Nf4 49. Re3 Rg1 50. c5 h4 51. c6 Rc1 52. Re4 Ng6 53. c7 Rxc7 54. Kb4 h3 55. b6 Rh7 56. Kb5 h2 57. Re8+ Kg7 58. b7 Rh5+ 59. Kb6 h1Q 60. b8Q Qb1+ 61. Kc6 Qc2+ 0-1

[Event "COL-ch Cat B/C U2200"]
[Site "Medellin"]
[Date "2021.06.13"]
[Round "5"]
[White "Zapata Cuartas, Juan Carlos"]
[Black "Zabala, Fidel"]
[Result "1-0"]
[WhiteElo "2075"]
[BlackElo "1910"]
[PlyCount "115"]
[EventDate "2021.06.10"]
[EventType "swiss"]
[EventRounds "7"]
[EventCountry "COL"]
[SourceTitle "EXT 2022"]
[Source "ChessBase"]
[SourceDate "2021.10.06"]
[SourceVersion "1"]
[SourceVersionDate "2021.10.06"]
[SourceQuality "1"]

1. d4 Nf6 2. Bg5 e6 3. e4 d5 4. Nc3 dxe4 5. Nxe4 Be7 6. Bxf6 Bxf6 7. Nf3 Be7 8. Bd3 Nd7 9. Qe2 c6 10. 0-0-0 Qa5 11. Kb1 b5 12. Rhe1 Rb8 13. Neg5 Bxg5 14. Nxg5 Nf6 15. Nxh7 Rxh7 16. Bxh7 Nxh7 17. Qe5 Rb6 18. Qxg7 Nf8 19. Re3 b4 20. Rh3 Qd5 21. Rh8 Qd6 22. f4 Rb7 23. g4 f6 24. Qxf6 Rf7 25. Qe5 Qxe5 26. fxe5 Ba6 27. g5 Ke7 28. h4 Be2 29. Re1 Rf4 30. Kc1 Bg4 31. h5 Kf7 32. Rh6 Rf5 33. Rf6+ Rxf6 34. gxf6 Bxh5 35. Rh1 Bg6 36. Rh8 Be4 37. Rh3 c5 38. c3 cxd4 39. cxd4 Bd5 40. a3 a5 41. Kd2 Bc4 42. Rg3 Ng6 43. Rg1 bxa3 44. bxa3 a4 45. Rb1 Bb3 46. Rxb3 axb3 47. Kc3 Ke8 48. Kxb3 Kd7 49. Kc4 Kc6 50. a4 Nf8 51. a5 Nd7 52. f7 Nf8 53. a6 Kb6 54. a7 Kxa7 55. Kc5 Kb7 56. Kd6 Kc8 57. Ke7 Ng6+ 58. Kxe6 1-0

[Event "COL-ch Cat B/C U2200"]
[Site "Medellin"]
[Date "2021.06.12"]
[Round "4"]
[White "Zabala, Fidel"]
[Black "Velasquez, Angie Gabriela"]
[Result "1-0"]
[WhiteElo "1910"]
[BlackElo "1942"]
[PlyCount "69"]
[EventDate "2021.06.10"]
[EventType "swiss"]
[EventRounds "7"]
[EventCountry "COL"]
[SourceTitle "EXT 2022"]
[Source "ChessBase"]
[SourceDate "2021.10.06"]
[SourceVersion "1"]
[SourceVersionDate "2021.10.06"]
[SourceQuality "1"]

1. e4 c5 2. Nf3 d6 3. d4 cxd4 4. Nxd4 Nf6 5. Nc3 g6 6. Be3 Bg7 7. f3 0-0 8. Qd2 Nc6 9. g4 Nxd4 10. Bxd4 Be6 11. h4 Qa5 12. h5 Rfc8 13. h6 Bh8 14. g5 Nd7 15. Bxh8 Kxh8 16. f4 Kg8 17. Bb5 Qb4 18. 0-0-0 Nb6 19. Rhf1 Bd7 20. Be2 Na4 21. Nxa4 Qxa4 22. Rf3 Qxe4 23. Rdf1 Qa4 24. Ra3 Qe4 25. Bf3 Qc4 26. Re1 Bc6 27. Rc3 Qa4 28. Rxe7 Re8 29. Bxc6 bxc6 30. Rce3 Rxe7 31. Rxe7 d5 32. Qe3 Rf8 33. Qe5 f6 34. Qe6+ Kh8 35. Qxf6+ 1-0

[Event "COL-ch Cat B/C U2200"]
[Site "Medellin"]
[Date "2021.06.11"]
[Round "3"]
[White "Zabala, Fidel"]
[Black "Bejarano, Danny Andres"]
[Result "1-0"]
[WhiteElo "1910"]
[BlackElo "2057"]
[PlyCount "59"]
[EventDate "2021.06.10"]
[EventType "swiss"]
[EventRounds "7"]
[EventCountry "COL"]
[SourceTitle "EXT 2022"]
[Source "ChessBase"]
[SourceDate "2021.10.06"]
[SourceVersion "1"]
[SourceVersionDate "2021.10.06"]
[SourceQuality "1"]

1. e4 e6 2. d4 d5 3. e5 c5 4. c3 Nc6 5. a3 f6 6. f4 Bd7 7. Nf3 cxd4 8. cxd4 Be7 9. Nc3 Nh6 10. Bd3 0-0 11. 0-0 a6 12. Kh1 b5 13. f5 Nf7 14. Re1 fxe5 15. dxe5 d4 16. Nb1 Qc7 17. Qe2 Nfd8 18. f6 gxf6 19. Bh6 Rf7 20. exf6 Bxf6 21. Nbd2 e5 22. Ne4 Bg4 23. Rac1 Rc8 24. Qf2 Kh8 25. Nxf6 Rxf6 26. Qh4 Re6 27. Nxe5 Qe7 28. Bg5 Qg7 29. Nxg4 Rxe1+ 30. Rxe1 1-0

[Event "COL-ch Visually disabled"]
[Site "Cartagena"]
[Date "2019.12.04"]
[Round "3.3"]
[White "David, Andersson"]
[Black "Zabala, Fidel"]
[Result "0-1"]
[WhiteElo "1808"]
[BlackElo "1910"]
[PlyCount "77"]
[EventDate "2019.12.03"]
[EventType "swiss"]
[EventRounds "7"]
[EventCountry "COL"]
[SourceTitle "EXT 2024"]
[Source "ChessBase"]
[SourceDate "2023.10.10"]
[SourceVersion "1"]
[SourceVersionDate "2023.10.10"]
[SourceQuality "1"]

1. d4 Nf6 2. c4 g6 3. Nc3 Bg7 4. e4 d6 5. Bd3 0-0 6. Nge2 Nbd7 7. f3 e5 8. d5 c6 9. Be3 cxd5 10. Nxd5 Nxd5 11. cxd5 f5 12. Qd2 fxe4 13. Bxe4 Nf6 14. 0-0 Bf5 15. Ng3 Qd7 16. Rac1 Rf7 17. Qc2 Bxe4 18. Nxe4 Nxd5 19. Bf2 Nf6 20. Qd3 Nxe4 21. fxe4 Qe6 22. b3 b6 23. Rc6 Rd8 24. Rd1 Bf8 25. Bh4 Rdd7 26. h3 h6 27. Bf2 Rf6 28. Be3 g5 29. Qd5 Qxd5 30. Rxd5 Kf7 31. b4 Ke6 32. a4 Rff7 33. b5 Rc7 34. Rd1 Rxc6 35. bxc6 Rc7 36. Rc1 d5 37. exd5+ Kxd5 38. Kf2 Rxc6 39. Rd1+ 0-1

[Event "COL-ch sf1"]
[Site "Medellin"]
[Date "2019.04.17"]
[Round "3"]
[White "Zabala, Fidel"]
[Black "Montenegro, Heidy"]
[Result "1-0"]
[WhiteElo "1900"]
[BlackElo "1684"]
[PlyCount "52"]
[EventDate "2019.04.16"]
[EventType "swiss"]
[EventRounds "10"]
[EventCountry "COL"]
[SourceTitle "CBM 190 Extra"]
[Source "ChessBase"]
[SourceDate "2019.07.15"]
[SourceVersion "1"]
[SourceVersionDate "2019.07.15"]
[SourceQuality "1"]

1. e4 c5 2. Nf3 Nc6 3. d4 cxd4 4. c3 d6 5. cxd4 Bg4 6. d5 Bxf3 7. gxf3 Ne5 8. f4 Nd7 9. Rg1 Qb6 10. Nc3 0-0-0 11. Na4 Qb4+ 12. Bd2 Qxe4+ 13. Be2 Qxd5 14. Bf3 Qe6+ 15. Be3 Nc5 16. Rc1 Rd7 17. b4 Qxa2 18. bxc5 Rc7 19. cxd6 exd6 20. Bg4+ Kd8 21. Rxc7 Kxc7 22. Qc1+ Kd8 23. Qc8+ Ke7 24. Qd7+ Kf6 25. Bd4+ Kg6 26. Be2+ Kh6 1-0

[Event "COL-chB U2000"]
[Site "Antioquia"]
[Date "2018.12.07"]
[Round "2"]
[White "Zabala, Fidel"]
[Black "Montoya Perez, Juan Rafael"]
[Result "0-1"]
[WhiteElo "1983"]
[BlackElo "1916"]
[PlyCount "41"]
[EventDate "2018.12.06"]
[EventType "swiss"]
[EventRounds "7"]
[EventCountry "COL"]
[SourceTitle "CBM 190 Extra"]
[Source "ChessBase"]
[SourceDate "2019.07.15"]
[SourceVersion "1"]
[SourceVersionDate "2019.07.15"]
[SourceQuality "1"]

1. c4 e5 2. g3 Nf6 3. Bg2 c6 4. e3 d5 5. cxd5 cxd5 6. d4 e4 7. f3 h5 8. Ne2 h4 9. fxe4 hxg3 10. Nxg3 Nxe4 11. Bxe4 dxe4 12. Nxe4 Rh4 13. Nbc3 Nc6 14. a3 Qe7 15. Qf3 f5 16. Ng3 Nxd4 17. Qd1 Be6 18. exd4 Bd5+ 19. Qe2 Bxh1 20. Nxh1 Rxh2 21. Nf2 0-1

[Event "Medellin Conconcreto op"]
[Site "Medellin"]
[Date "2018.01.28"]
[Round "7"]
[White "Zabala, Fidel"]
[Black "Londono, Neider Farid"]
[Result "1-0"]
[WhiteElo "1966"]
[BlackElo "1851"]
[PlyCount "61"]
[EventDate "2018.01.24"]
[EventType "swiss"]
[EventRounds "7"]
[EventCountry "COL"]
[SourceTitle "CBM 182 Extra"]
[Source "ChessBase"]
[SourceDate "2018.02.23"]
[SourceVersion "1"]
[SourceVersionDate "2018.02.23"]
[SourceQuality "1"]

1. e4 c5 2. Nf3 Nc6 3. d4 cxd4 4. Nxd4 g6 5. Nc3 Bg7 6. Be3 Nf6 7. Be2 0-0 8. h4 d5 9. Nxc6 bxc6 10. e5 Nd7 11. f4 e6 12. h5 Re8 13. hxg6 hxg6 14. Qd2 c5 15. Bf2 Rb8 16. b3 Qa5 17. a4 Nxe5 18. fxe5 Bxe5 19. Rh3 d4 20. Qg5 Bg7 21. 0-0-0 dxc3 22. Rdh1 e5 23. Rh7 Qb4 24. Bc4 Qa3+ 25. Kd1 e4 26. Rxg7+ Kxg7 27. Qh6+ Kf6 28. Bh4+ Ke5 29. Qg5+ Bf5 30. Qg3+ Kd4 31. Qd6+ 1-0

[Event "Medellin Conconcreto op"]
[Site "Medellin"]
[Date "2018.01.25"]
[Round "2"]
[White "Castrillon Gomez, Melissa"]
[Black "Zabala, Fidel"]
[Result "1-0"]
[WhiteElo "2204"]
[BlackElo "1966"]
[PlyCount "87"]
[EventDate "2018.01.24"]
[EventType "swiss"]
[EventRounds "7"]
[EventCountry "COL"]
[SourceTitle "CBM 182 Extra"]
[Source "ChessBase"]
[SourceDate "2018.02.23"]
[SourceVersion "1"]
[SourceVersionDate "2018.02.23"]
[SourceQuality "1"]

1. e4 Nf6 2. e5 Nd5 3. d4 d6 4. c4 Nb6 5. exd6 cxd6 6. Nc3 g6 7. b3 Bg7 8. Be3 0-0 9. Rc1 Re8 10. Nf3 Bg4 11. Be2 Nc6 12. h3 Bxf3 13. Bxf3 e5 14. dxe5 dxe5 15. 0-0 Rb8 16. c5 Nd7 17. Ne4 h6 18. Nd6 Re6 19. Bd5 Rf6 20. Ne4 Rf5 21. g4 Rf4 22. Bxf4 exf4 23. Nd6 Nde5 24. Re1 Qh4 25. Kg2 h5 26. Bf3 hxg4 27. hxg4 Qg5 28. Ne4 Qe7 29. Qd6 Qxd6 30. Nxd6 Nd3 31. Bd5 Nxe1+ 32. Rxe1 Ne5 33. Nxb7 f3+ 34. Kg3 Nd3 35. Re7 Nb4 36. Bxf3 Bf8 37. Rd7 Bg7 38. c6 Be5+ 39. Kg2 Rc8 40. Nd8 Kf8 41. Nxf7 Bf4 42. Nd6 Bxd6 43. Rxd6 Kf7 44. a3 1-0

[Event "Medellin Luces Cup"]
[Site "Medellin"]
[Date "2017.12.20"]
[Round "4"]
[White "Zabala, Fidel"]
[Black "Medina, Julio C"]
[Result "1-0"]
[WhiteElo "1969"]
[BlackElo "1869"]
[PlyCount "32"]
[EventDate "2017.12.18"]
[EventType "swiss"]
[EventRounds "7"]
[EventCountry "COL"]
[SourceTitle "CBM 182 Extra"]
[Source "ChessBase"]
[SourceDate "2018.02.23"]
[SourceVersion "1"]
[SourceVersionDate "2018.02.23"]
[SourceQuality "1"]

1. Nf3 d5 2. c4 Nf6 3. cxd5 Nxd5 4. g3 Nc6 5. Bg2 e5 6. d3 Be7 7. 0-0 0-0 8. Nc3 Be6 9. Bd2 Kh8 10. Re1 Nxc3 11. bxc3 Bc5 12. c4 f6 13. Rb1 Qc8 14. Rb5 b6 15. Qc2 Bh3 16. Bh1 Ne7 1-0

[Event "American Continental 13th"]
[Site "Medellin"]
[Date "2017.06.14"]
[Round "7"]
[White "Zabala, Fidel"]
[Black "Saladen Dulce, Rafael"]
[Result "0-1"]
[WhiteElo "1972"]
[BlackElo "2155"]
[PlyCount "52"]
[EventDate "2017.06.10"]
[EventType "swiss"]
[EventRounds "11"]
[EventCountry "COL"]
[SourceTitle "CBM 178 Extra"]
[Source "ChessBase"]
[SourceDate "2017.06.22"]
[SourceVersion "1"]
[SourceVersionDate "2017.06.22"]
[SourceQuality "1"]

1. e4 c5 2. Nc3 g6 3. g3 Bg7 4. Bg2 Nc6 5. Nf3 e6 6. 0-0 Nge7 7. d3 d5 8. Re1 d4 9. Ne2 e5 10. Kh1 h6 11. Nfg1 g5 12. Rf1 g4 13. f4 gxf3 14. Nxf3 Be6 15. Nh4 Qd7 16. Ng1 0-0-0 17. Nf5 Nxf5 18. exf5 Bd5 19. Nf3 Bf6 20. a3 Rhg8 21. b4 h5 22. b5 Ne7 23. c4 dxc3 24. Qa4 Kb8 25. Re1 Qxf5 26. Qd1 h4 0-1

[Event "American Continental 13th"]
[Site "Medellin"]
[Date "2017.06.10"]
[Round "1"]
[White "Zabala, Fidel"]
[Black "Duran Vega, Sergio"]
[Result "0-1"]
[WhiteElo "1972"]
[BlackElo "2408"]
[PlyCount "48"]
[EventDate "2017.06.10"]
[EventType "swiss"]
[EventRounds "11"]
[EventCountry "COL"]
[SourceTitle "CBM 178 Extra"]
[Source "ChessBase"]
[SourceDate "2017.06.22"]
[SourceVersion "1"]
[SourceVersionDate "2017.06.22"]
[SourceQuality "1"]

1. e4 c5 2. Nf3 Nc6 3. d4 cxd4 4. Nxd4 Nf6 5. Nc3 e5 6. Ndb5 d6 7. Bg5 a6 8. Bxf6 gxf6 9. Na3 b5 10. Nd5 f5 11. exf5 Bxf5 12. Qf3 Nd4 13. Nc7+ Qxc7 14. Qxa8+ Ke7 15. Qxa6 b4 16. Nb5 Nxc2+ 17. Kd1 Qc5 18. Qb7+ Kf6 19. g4 Qxf2 20. Be2 Ne3+ 21. Kd2 Nc4+ 22. Kd1 Bc2+ 23. Kxc2 Qxe2+ 24. Kb3 Na5+ 0-1

[Event "Antioquia op-B"]
[Site "Medellin"]
[Date "2017.04.29"]
[Round "4"]
[White "Zabala, Fidel"]
[Black "Uribe Valencia, Victor Alexis"]
[Result "0-1"]
[WhiteElo "1989"]
[BlackElo "1860"]
[PlyCount "72"]
[EventDate "2017.04.27"]
[EventType "swiss"]
[EventRounds "7"]
[EventCountry "COL"]
[SourceTitle "EXT 2019"]
[Source "ChessBase"]
[SourceDate "2018.10.10"]
[SourceVersion "1"]
[SourceVersionDate "2018.10.10"]
[SourceQuality "1"]

1. e4 c5 2. Nf3 Nc6 3. d4 cxd4 4. Nxd4 Nf6 5. Nc3 e5 6. Ndb5 d6 7. Bg5 a6 8. Na3 b5 9. Nd5 Be7 10. Bxf6 Bxf6 11. c3 Bg5 12. h4 Bh6 13. g4 Bf4 14. Nc2 0-0 15. Nce3 Bxe3 16. Nxe3 Be6 17. Bg2 Rb8 18. Qd2 b4 19. Bf1 bxc3 20. bxc3 a5 21. Bc4 Ne7 22. Rd1 Rb6 23. Bxe6 fxe6 24. Nc4 Rc6 25. Nxe5 Rc5 26. Nd3 Rc4 27. 0-0 Rxe4 28. f3 Rc4 29. Qe2 Qc8 30. Rc1 Nd5 31. Rfe1 e5 32. Nb2 Rxc3 33. Qd2 Qc5+ 34. Kg2 Rfxf3 35. Rxc3 Rxc3 36. Re2 Nf4+ 0-1

[Event "Medellin Navideno op"]
[Site "Medellin"]
[Date "2016.12.19"]
[Round "5"]
[White "Lopez Gonzalez, Carlos Andres"]
[Black "Zabala, Fidel"]
[Result "0-1"]
[WhiteElo "1513"]
[BlackElo "2004"]
[PlyCount "74"]
[EventDate "2016.12.16"]
[EventType "swiss"]
[EventRounds "7"]
[EventCountry "COL"]
[SourceTitle "CBM 176 Extra"]
[Source "ChessBase"]
[SourceDate "2017.03.02"]
[SourceVersion "1"]
[SourceVersionDate "2017.03.02"]
[SourceQuality "1"]

1. e4 d5 2. exd5 Nf6 3. Nf3 Nxd5 4. d4 g6 5. Be2 Bg7 6. 0-0 0-0 7. Be3 Nxe3 8. fxe3 c5 9. c3 Qc7 10. Nbd2 Nc6 11. Rc1 Bg4 12. h3 Bxf3 13. Bxf3 Rad8 14. Qe2 Bh6 15. d5 Ne5 16. e4 c4 17. Rcd1 Qb6+ 18. Kh1 Qxb2 19. Nxc4 Qxc3 20. Nxe5 Qxe5 21. Rb1 b6 22. Qa6 Rc8 23. Qxa7 Qg3 24. Qxb6 Bf4 25. Qg1 Rc2 26. a4 Rfc8 27. a5 Be5 28. Bg4 R8c3 29. a6 h5 30. a7 Ra2 31. Ra1 Rxa7 32. Rxa7 hxg4 33. Rxe7 gxh3 34. Rxe5 Qxe5 35. Re1 Qg3 36. Ra1 Rc2 37. Ra8+ Kh7 0-1

[Event "Medellin Navideno op"]
[Site "Medellin"]
[Date "2016.12.17"]
[Round "2"]
[White "Espinosa Valderrama, Santiago"]
[Black "Zabala, Fidel"]
[Result "0-1"]
[WhiteElo "1615"]
[BlackElo "2004"]
[PlyCount "44"]
[EventDate "2016.12.16"]
[EventType "swiss"]
[EventRounds "7"]
[EventCountry "COL"]
[SourceTitle "CBM 176 Extra"]
[Source "ChessBase"]
[SourceDate "2017.03.02"]
[SourceVersion "1"]
[SourceVersionDate "2017.03.02"]
[SourceQuality "1"]

1. d4 Nf6 2. Bg5 Ne4 3. Bh4 c5 4. f3 g5 5. fxe4 gxh4 6. e3 Bg7 7. Bc4 Qb6 8. Nc3 cxd4 9. Nd5 Qc5 10. Qe2 e6 11. b4 Qd6 12. Qg4 Kf8 13. Qxh4 Nc6 14. b5 exd5 15. bxc6 dxc6 16. exd5 Qb4+ 17. Kd1 Bf5 18. Bb3 Qc3 19. Rb1 dxe3 20. Qe1 Qd4+ 21. Ke2 Qg4+ 22. Nf3 Qxg2+ 0-1